[Event "BL 1617 MSA Zugzwang - Werder Bremen"]
[Site "?"]
[Date "2017.02.18"]
[Round "7.4"]
[White "Zysk, Robert"]
[Black "Babula, Vlastimil"]
[Result "1/2-1/2"]
[WhiteElo "2398"]
[BlackElo "2552"]
[PlyCount "65"]
[EventDate "2017.??.??"]

1. Nf3 Nf6 2. c4 b6 3. g3 Bb7 4. Bg2 g6 5. d4 Bg7 6. O-O O-O 7. Nc3 Ne4 8. Nxe4
Bxe4 9. Be3 d5 10. cxd5 Qxd5 11. Qa4 Nc6 12. Rfd1 Rfd8 13. Rd2 Rd6 14. Rc1 Rad8
15. a3 R6d7 16. Ne1 Bxg2 17. Nxg2 Na5 18. Rd3 Qa2 19. b4 Nc4 20. Rc2 b5 21.
Rxa2 bxa4 22. Rc2 Nxe3 23. Nxe3 Bxd4 24. Rcd2 e5 25. Nc2 Rd6 26. Nxd4 Rxd4 27.
Rxd4 Rxd4 28. Rc2 Rd1+ 29. Kg2 Ra1 30. Rxc7 Rxa3 31. Rxa7 Kg7 32. b5 Rb3 33.
Rxa4 1/2-1/2

[Event "BL 1617 MSA Zugzwang - Werder Bremen"]
[Site "?"]
[Date "2017.02.18"]
[Round "7.5"]
[White "Werle, Jan"]
[Black "Gerigk, Erasmus"]
[Result "1-0"]
[WhiteElo "2520"]
[BlackElo "2354"]
[PlyCount "113"]
[EventDate "2017.??.??"]

1. Nf3 Nf6 2. c4 e6 3. Nc3 Bb4 4. Qc2 O-O 5. a3 Bxc3 6. Qxc3 c5 7. g3 b6 8. Bg2
Bb7 9. O-O d6 10. d3 Nbd7 11. e4 Qe7 12. b4 Rfd8 13. Bb2 Rac8 14. b5 a6 15. a4
Ra8 16. Rae1 Nf8 17. e5 Ne8 18. d4 d5 19. cxd5 Bxd5 20. dxc5 axb5 21. axb5 Qxc5
22. Nd4 Bxg2 23. Kxg2 Qxc3 24. Bxc3 Nc7 25. Ra1 Nd7 26. Nc6 Re8 27. Na7 Nc5 28.
Rfb1 Rad8 29. Nc6 Ra8 30. Na7 Rad8 31. Bb4 Rd5 32. Bxc5 Rxc5 33. Rc1 Rxc1 34.
Rxc1 Nd5 35. Nc8 Kf8 36. Kf3 Rd8 37. Rc6 Nb4 38. Nd6 Nd5 39. Nc4 Rb8 40. h4 h5
41. Ne3 Nxe3 42. Kxe3 g6 43. f3 Kg7 44. Kf4 Kh6 45. g4 Rb7 46. Kg3 Kg7 47. f4
Ra7 48. gxh5 gxh5 49. Rxb6 Ra3+ 50. Kg2 Rb3 51. Rb7 Kg6 52. b6 Kg7 53. f5 Kf8
54. f6 Ke8 55. Re7+ Kd8 56. Rxf7 Rxb6 57. Re7 1-0

[Event "BL 1617 MSA Zugzwang - Werder Bremen"]
[Site "?"]
[Date "2017.02.18"]
[Round "7.6"]
[White "Dr. Hoffmeyer, Falk"]
[Black "Markgraf, Rolf-Alexander"]
[Result "0-1"]
[WhiteElo "2353"]
[BlackElo "2509"]
[PlyCount "112"]
[EventDate "2017.??.??"]

1. d4 f5 2. Nc3 Nf6 3. Bg5 d5 4. f3 e6 5. e4 Be7 6. exf5 exf5 7. Bd3 O-O 8.
Nge2 c6 9. Qd2 b5 10. Ng3 Ne8 11. h4 h6 12. Bxe7 Qxe7+ 13. Nce2 Nd6 14. O-O-O
Nd7 15. Nf4 Qf6 16. Qf2 Qf7 17. Rdf1 Re8 18. h5 Nf8 19. Nge2 Bd7 20. Rfg1 a5
21. Qh4 Re3 22. g4 Nh7 23. Ng6 Ng5 24. Rf1 Nc4 25. Bxc4 dxc4 26. Ne5 Qd5 27.
Qf2 f4 28. Nxf4 Qxd4 29. Ng2 Qxe5 30. Qxe3 Qf6 31. Rd1 Be6 32. f4 Nf7 33. f5
Bd5 34. Rhg1 b4 35. Nf4 c3 36. Nxd5 cxd5 37. Rxd5 a4 38. Qd4 b3 39. Qxc3 bxa2
40. Kd2 Qh4 41. Qe3 Rc8 42. Qf4 Qf6 43. Qd4 Qc6 44. c4 Qc7 45. Ra1 Ng5 46. Kc2
Nf3 47. Qe4 Qh2+ 48. Kc3 Rb8 49. b4 axb3 50. Rad1 Ng5 51. Rd8+ Kh7 52. Qd3 Rxd8
53. Qxd8 Qc2+ 54. Kb4 b2 55. Qe8 b1=Q+ 56. Kc5 Ne4+ 0-1

[Event "BL 1617 MSA Zugzwang - Werder Bremen"]
[Site "?"]
[Date "2017.02.18"]
[Round "7.7"]
[White "Fish, Gennadij"]
[Black "Eichler, Christoph"]
[Result "1/2-1/2"]
[WhiteElo "2465"]
[BlackElo "2290"]
[PlyCount "63"]
[EventDate "2017.??.??"]

1. d4 d5 2. c4 e6 3. Nc3 Nf6 4. Bg5 Be7 5. cxd5 Nxd5 6. Bxe7 Qxe7 7. Nf3 O-O 8.
e4 Nxc3 9. bxc3 c5 10. Qd2 b6 11. Bd3 Nc6 12. O-O cxd4 13. cxd4 Rd8 14. Bb5 Bb7
15. Rac1 Rac8 16. Bxc6 Rxc6 17. Rxc6 Bxc6 18. Re1 Qd6 19. Qe3 Bb7 20. Rc1 h6
21. h3 Kf8 22. Rc4 Kg8 23. h4 Bc6 24. Rc3 Bb7 25. h5 Qb4 26. Kh2 Bxe4 27. Ne5
Qxd4 28. Qxd4 Rxd4 29. Rc8+ Kh7 30. Nxf7 g6 31. Rc7 gxh5 32. Ng5+ 1/2-1/2

[Event "BL 1617 MSA Zugzwang - Werder Bremen"]
[Site "?"]
[Date "2017.02.18"]
[Round "7.8"]
[White "Dirr, Ulrich"]
[Black "Koop, Thorben"]
[Result "0-1"]
[WhiteElo "2250"]
[BlackElo "2400"]
[PlyCount "96"]
[EventDate "2017.??.??"]

1. d4 Nf6 2. c4 d6 3. g3 e5 4. Bg2 Be7 5. Nf3 Nbd7 6. O-O O-O 7. Nc3 c6 8. e4
a6 9. a4 a5 10. h3 b6 11. Be3 Qc7 12. Ne1 Ba6 13. b3 Rad8 14. Rc1 Rfe8 15. Nc2
Bf8 16. Re1 Bb7 17. Qd2 Qb8 18. d5 cxd5 19. exd5 Qc8 20. Rb1 Ba6 21. g4 Nc5 22.
Bg5 Be7 23. Ne3 Nfe4 24. Nxe4 Nxe4 25. Bxe4 Bxg5 26. Qd3 g6 27. Ng2 Rf8 28. Qg3
Qd7 29. h4 Bh6 30. f4 exf4 31. Nxf4 Bc8 32. Bf3 Bg7 33. Qf2 Qc7 34. Nd3 h6 35.
Re2 f5 36. g5 hxg5 37. hxg5 f4 38. Qh4 Bf5 39. Rd1 Bd4+ 40. Kg2 Be3 41. Rh1 Qg7
42. Nf2 Kf7 43. Ne4 Rfe8 44. Nf6 Rh8 45. Qe1 Rxh1 46. Kxh1 Rh8+ 47. Rh2 Rxh2+
48. Kxh2 Qh8+ 0-1

[Event "BL 1617 Bayern München - Hamburger SK"]
[Site "?"]
[Date "2017.02.18"]
[Round "7.1"]
[White "Grandelius, Nils"]
[Black "Bezold, Michael"]
[Result "1/2-1/2"]
[WhiteElo "2635"]
[BlackElo "2501"]
[PlyCount "114"]
[EventDate "2017.??.??"]

1. e4 g6 2. d4 Bg7 3. Nc3 d6 4. f4 Nf6 5. Nf3 O-O 6. e5 Nfd7 7. Bc4 Nb6 8. Bb3
Nc6 9. a4 a5 10. Be3 Nb4 11. O-O c6 12. Ne4 N4d5 13. Bd2 Kh8 14. Qe1 Bf5 15.
Ng3 Be6 16. Ng5 Nc7 17. Bxa5 Bxb3 18. Bxb6 Bc4 19. Rf2 f6 20. N5e4 Qd7 21. Bxc7
Qxc7 22. exd6 exd6 23. f5 b6 24. Qd2 Rae8 25. Qf4 Rd8 26. fxg6 hxg6 27. Qh4+
Kg8 28. Rxf6 d5 29. Rxf8+ Rxf8 30. Ng5 Bf6 31. Re1 Ba6 32. c3 c5 33. Qh6 Qg7
34. Qxg7+ Bxg7 35. dxc5 bxc5 36. Ne6 Re8 37. Kf2 Rb8 38. Nxc5 Rxb2+ 39. Kf3
Bxc3 40. Re6 Bc4 41. Rxg6+ Kf7 42. Rc6 Bd4 43. Nce4 dxe4+ 44. Kxe4 Bb3 45. Kxd4
Bxa4 46. Rc7+ Ke6 47. Nh5 Rxg2 48. Nf4+ Kd6 49. Rh7 Rg4 50. Ke3 Bc2 51. Rf7 Ke5
52. Rf8 Rh4 53. h3 Bf5 54. Ra8 Kf6 55. Ra1 Rh7 56. Rf1 Ke5 57. Ra1 Bxh3 1/2-1/2

[Event "BL 1617 Bayern München - Hamburger SK"]
[Site "?"]
[Date "2017.02.18"]
[Round "7.2"]
[White "Fedorovsky, Michael"]
[Black "Bauer, Christian"]
[Result "1/2-1/2"]
[WhiteElo "2482"]
[BlackElo "2642"]
[PlyCount "74"]
[EventDate "2017.??.??"]

1. e4 Nc6 2. Nf3 d6 3. d4 Nf6 4. Nc3 g6 5. h3 Bg7 6. Be3 O-O 7. Qd2 e5 8. dxe5
dxe5 9. Qxd8 Rxd8 10. Bc4 h6 11. O-O Be6 12. Bxe6 fxe6 13. Rfd1 a6 14. Kf1 Ne8
15. Rxd8 Rxd8 16. Rd1 Nd6 17. Ne1 Nd4 18. f3 Rf8 19. Ne2 Nxe4 20. Nxd4 exd4 21.
Bxd4 Ng3+ 22. Kf2 Rd8 23. Kxg3 e5 24. Nd3 exd4 25. Re1 Kf7 26. Ne5+ Bxe5+ 27.
Rxe5 b6 28. Kf2 Kf6 29. Re4 d3 30. cxd3 Rxd3 31. Ke2 Rd5 32. Rc4 c5 33. Rf4+
Ke6 34. Re4+ Kf6 35. Rf4+ Ke6 36. Re4+ Kf6 37. Rf4+ Ke5 1/2-1/2

[Event "BL 1617 Bayern München - Hamburger SK"]
[Site "?"]
[Date "2017.02.18"]
[Round "7.3"]
[White "Svane, Rasmus"]
[Black "Dragnev, Valentin"]
[Result "1-0"]
[WhiteElo "2570"]
[BlackElo "2502"]
[PlyCount "85"]
[EventDate "2017.??.??"]

1. c4 Nf6 2. Nc3 e5 3. Nf3 Nc6 4. g3 Bb4 5. Bg2 O-O 6. O-O e4 7. Ng5 Bxc3 8.
bxc3 Re8 9. f3 exf3 10. Nxf3 Qe7 11. e3 Ne5 12. Nxe5 Qxe5 13. Rb1 Rb8 14. Rb5
Qe7 15. d3 d6 16. e4 a6 17. Rb2 Bg4 18. Qe1 Nd7 19. h3 Be6 20. g4 b5 21. cxb5
axb5 22. Bf4 Nc5 23. Qe3 Na4 24. Rc2 Qd7 25. Qg3 d5 26. Bxc7 Rbc8 27. Be5 d4
28. Bxd4 Nxc3 29. Bxg7 Kxg7 30. Qe5+ Kg8 31. Rxc3 Rxc3 32. Qxc3 Bxa2 33. Rf5
Re6 34. Rc5 Qa7 35. Kh1 Re8 36. Rxb5 h6 37. g5 h5 38. Rc5 Qd7 39. Rc7 Qe6 40.
Rc5 Rb8 41. Rc6 Qd7 42. Rh6 Rb1+ 43. Kh2 1-0

[Event "BL 1617 Bayern München - Hamburger SK"]
[Site "?"]
[Date "2017.02.18"]
[Round "7.4"]
[White "Johansson, Linus"]
[Black "Ernst, Sipke"]
[Result "1-0"]
[WhiteElo "2408"]
[BlackElo "2562"]
[PlyCount "97"]
[EventDate "2017.??.??"]

1. d4 Nf6 2. Nf3 e6 3. c4 d5 4. Nc3 a6 5. c5 b6 6. cxb6 cxb6 7. Bf4 Nc6 8. e3
Be7 9. h3 Bb7 10. Be2 b5 11. O-O Nd7 12. a4 b4 13. Na2 O-O 14. Nc1 Na5 15. Nb3
Nc4 16. Qb1 a5 17. Rc1 Rc8 18. Bd3 g6 19. Nbd2 Nd6 20. Rxc8 Qxc8 21. Qf1 Qa8
22. Rc1 Rc8 23. Ne5 Nb6 24. b3 Ne4 25. Rxc8+ Qxc8 26. Bxe4 dxe4 27. Qb5 Nd5 28.
Bh6 f6 29. Nec4 g5 30. h4 gxh4 31. Qxa5 Kf7 32. Nxe4 Kg6 33. Ned6 Bxd6 34. Nxd6
Qc1+ 35. Kh2 Kxh6 36. Qd8 Qc2 37. Qf8+ Kh5 38. Qe8+ Kh6 39. Qf8+ Kh5 40. Qg7
Ba8 41. e4 Qc7 42. g4+ hxg3+ 43. Qxg3 Qc3 44. Qg8 Qc7 45. Qxe6 Ne7 46. Qh3+ Kg6
47. Qg4+ Kh6 48. e5 Bd5 49. Ne8 1-0

[Event "BL 1617 Bayern München - Hamburger SK"]
[Site "?"]
[Date "2017.02.18"]
[Round "7.5"]
[White "Lampert, Jonas"]
[Black "Lindgren, Philip"]
[Result "1-0"]
[WhiteElo "2504"]
[BlackElo "2421"]
[PlyCount "62"]
[EventDate "2017.??.??"]

1. d4 d5 2. c4 c6 3. Nf3 Nf6 4. Nbd2 Bf5 5. Nh4 Be6 6. e3 g6 7. Be2 Bg7 8. O-O
O-O 9. Nhf3 c5 10. dxc5 dxc4 11. Nxc4 Qc8 12. Nd4 Bxc4 13. Bxc4 Qxc5 14. b3 Nc6
15. Bb2 Nxd4 16. Bxd4 Qa5 17. Qf3 Rab8 18. Rfd1 Rfd8 19. a4 Rd7 20. Bb5 Rd5 21.
Rdc1 Rbd8 22. Rab1 Qb4 23. h3 a6 24. Bc4 Rf5 25. Bc3 Qb6 26. a5 Qc7 27. Qe2 Ne4
28. Be1 Rc5 29. Qc2 Qe5 30. f4 Qf5 31. g4 Qc8 1-0

[Event "BL 1617 Bayern München - Hamburger SK"]
[Site "?"]
[Date "2017.02.18"]
[Round "7.6"]
[White "Schenk, Andreas"]
[Black "Kollars, Dmitrij"]
[Result "1/2-1/2"]
[WhiteElo "2457"]
[BlackElo "2507"]
[PlyCount "55"]
[EventDate "2017.??.??"]

1. d4 Nf6 2. c4 g6 3. Nc3 Bg7 4. e4 d6 5. Nf3 O-O 6. Be2 e5 7. Be3 c6 8. d5 Na6
9. O-O Ng4 10. Bg5 f6 11. Bh4 c5 12. Ne1 h5 13. h3 Nh6 14. Nd3 Bd7 15. a3 Qe7
16. b4 b6 17. bxc5 bxc5 18. Rb1 g5 19. Bg3 h4 20. Bh2 f5 21. f3 g4 22. fxg4
fxg4 23. Rxf8+ Rxf8 24. hxg4 Qg5 25. Qc1 Qg6 26. Nf2 Bf6 27. Qd1 Bg5 28. Qd3
1/2-1/2

[Event "BL 1617 Bayern München - Hamburger SK"]
[Site "?"]
[Date "2017.02.18"]
[Round "7.8"]
[White "Reich, Thomas"]
[Black "Heinemann, Thies"]
[Result "0-1"]
[WhiteElo "2370"]
[BlackElo "2461"]
[PlyCount "83"]
[EventDate "2017.??.??"]

1. d4 Nf6 2. c4 e6 3. Nc3 Bb4 4. Nf3 b6 5. Bd2 Bb7 6. e3 Bxc3 7. Bxc3 Ne4 8.
Rc1 d6 9. Bd3 Nd7 10. O-O O-O 11. Be1 f5 12. Nd2 Qf6 13. f3 Nxd2 14. Bxd2 e5
15. c5 dxc5 16. dxc5 Nxc5 17. Bc4+ Kh8 18. b4 Nd7 19. Bc3 Qe7 20. Qb3 Rf6 21.
Qb2 a6 22. Rf2 Rd6 23. a3 Re8 24. Qe2 b5 25. Bd3 e4 26. fxe4 Bxe4 27. Bxe4 Qxe4
28. Qb2 Ne5 29. Bxe5 Rxe5 30. h3 c6 31. Rf3 h6 32. Qb3 Kh7 33. Qf7 Rg6 34. Rcf1
c5 35. bxc5 Rxc5 36. R1f2 Rc1+ 37. Kh2 Qb1 38. g4 Rh1+ 39. Kg3 Rxh3+ 40. Kxh3
fxg4+ 41. Kh2 gxf3 42. Qxf3 0-1

[Event "BL 1617 USV TU Dresden - SG Solingen"]
[Site "?"]
[Date "2017.02.18"]
[Round "7.1"]
[White "Giri, Anish"]
[Black "Gajewski, Grzegorz"]
[Result "1-0"]
[WhiteElo "2769"]
[BlackElo "2613"]
[PlyCount "45"]
[EventDate "2017.??.??"]

1. Nf3 d5 2. g3 Nf6 3. Bg2 Bg4 4. c4 Bxf3 5. Bxf3 c6 6. Qb3 Qd7 7. d4 e6 8. O-O
b5 9. cxb5 cxb5 10. Rd1 a6 11. a4 b4 12. Bg5 Be7 13. Bxf6 Bxf6 14. e4 Nc6 15.
exd5 Nxd4 16. dxe6 Nxb3 17. exd7+ Kd8 18. Bxa8 Nxa1 19. Nd2 Kc7 20. Rc1+ Kb8
21. Bg2 Bxb2 22. Rc4 Bc3 23. Bh3 1-0

[Event "BL 1617 USV TU Dresden - SG Solingen"]
[Site "?"]
[Date "2017.02.18"]
[Round "7.2"]
[White "Socko, Bartosz"]
[Black "Harikrishna, Pentala"]
[Result "1/2-1/2"]
[WhiteElo "2598"]
[BlackElo "2758"]
[PlyCount "111"]
[EventDate "2017.??.??"]

1. e4 e5 2. Nf3 Nc6 3. Bb5 a6 4. Bxc6 dxc6 5. Nc3 Bg4 6. h3 Bxf3 7. Qxf3 Qd7 8.
d3 f6 9. Bd2 Bd6 10. Qg3 Qf7 11. f4 Ne7 12. O-O Ng6 13. f5 Ne7 14. Qf2 Rg8 15.
Kh1 g6 16. Rae1 g5 17. b3 g4 18. Ne2 gxh3 19. gxh3 b6 20. Be3 a5 21. Qh4 O-O-O
22. Rg1 c5 23. Rxg8 Rxg8 24. Rg1 Rxg1+ 25. Kxg1 Nc6 26. Bd2 Nd4 27. Nxd4 cxd4
28. Kf2 Kb7 29. Qg4 Bf8 30. h4 Kc8 31. h5 Kd7 32. Ke2 Ke8 33. Kf2 Kd7 34. Kg3
Bg7 35. h6 Bf8 36. Kh4 Kc6 37. Qh5 Qxh5+ 38. Kxh5 Kb5 39. a4+ Kc6 40. Kg4 Ba3
41. Kf3 Kc5 42. Ke2 Bb2 43. Be1 Kd6 44. Bd2 Bc3 45. Bc1 Bb4 46. Kd1 Kc6 47. Ke2
b5 48. Kd1 Kb6 49. Ke2 Bf8 50. Kd1 c6 51. Ke2 c5 52. Kd1 Be7 53. Ke2 Bd8 54.
Kd1 Kc6 55. Ke2 Bc7 56. Kd1 1/2-1/2

[Event "BL 1617 USV TU Dresden - SG Solingen"]
[Site "?"]
[Date "2017.02.18"]
[Round "7.3"]
[White "Ragger, Markus"]
[Black "Maiwald, Jens-Uwe"]
[Result "1-0"]
[WhiteElo "2703"]
[BlackElo "2446"]
[PlyCount "27"]
[EventDate "2017.??.??"]

1. e4 c5 2. Nf3 e6 3. d4 cxd4 4. Nxd4 Nc6 5. Nc3 Qc7 6. Be3 a6 7. Qf3 d6 8.
O-O-O Bd7 9. Qg3 b5 10. Bxb5 axb5 11. Ndxb5 Qb7 12. Qxd6 Rc8 13. Bc5 Nce7 14.
Qd3 1-0

[Event "BL 1617 USV TU Dresden - SG Solingen"]
[Site "?"]
[Date "2017.02.18"]
[Round "7.4"]
[White "Vogel, Roven"]
[Black "Van Kampen, Robin"]
[Result "1/2-1/2"]
[WhiteElo "2437"]
[BlackElo "2644"]
[PlyCount "109"]
[EventDate "2017.??.??"]

1. d4 Nf6 2. c4 g6 3. Nc3 Bg7 4. e4 d6 5. Be2 O-O 6. Be3 e5 7. d5 Na6 8. Nf3
Ng4 9. Bg5 f6 10. Bh4 Nh6 11. Nd2 c5 12. f3 Nf7 13. a3 Bh6 14. Bf2 f5 15. h4
Bd7 16. Rb1 b6 17. b4 Qe7 18. Bd3 Nc7 19. Nf1 Ne8 20. Ng3 Ng7 21. Qc2 Qf6 22.
a4 Rfb8 23. Rb2 a5 24. bxa5 bxa5 25. Rxb8+ Rxb8 26. Nb5 Bf4 27. Ne2 fxe4 28.
Bxe4 Bf5 29. g4 Bxe4 30. Qxe4 h5 31. Kd1 g5 32. Be1 gxh4 33. Bxh4 Ng5 34. Bxg5
Bxg5 35. gxh5 Nf5 36. Kc2 Kg7 37. Rg1 Kh6 38. Kd3 Rf8 39. Rg4 Nh4 40. Ng1 Kxh5
41. Nc7 Ng6 42. Ne6 Nf4+ 43. Rxf4 Bxf4 44. Nxf8 Qxf8 45. Ne2 Kg5 46. Qh7 Qf5+
47. Qxf5+ Kxf5 48. Nc3 Bg5 49. Nb5 Be7 50. Na7 Bd8 51. Nc6 Bc7 52. Ke3 Bb6 53.
Ne7+ Kf6 54. Nc8 Bc7 55. Na7 1/2-1/2

[Event "BL 1617 USV TU Dresden - SG Solingen"]
[Site "?"]
[Date "2017.02.18"]
[Round "7.5"]
[White "Predojevic, Borki"]
[Black "Neef, Maximilian"]
[Result "1/2-1/2"]
[WhiteElo "2611"]
[BlackElo "2426"]
[PlyCount "54"]
[EventDate "2017.??.??"]

1. d4 Nf6 2. Nf3 g6 3. c4 Bg7 4. g3 b6 5. Bg2 Bb7 6. O-O O-O 7. d5 Na6 8. Nc3
Nc5 9. Be3 c6 10. Rc1 Rc8 11. d6 Re8 12. dxe7 Qxe7 13. Rc2 Rcd8 14. Qc1 Ne6 15.
Rd1 Ba6 16. b3 Ng4 17. Bg5 Nxg5 18. Qxg5 Nf6 19. Qc1 d5 20. cxd5 Nxd5 21. Nxd5
Rxd5 22. Rxd5 cxd5 23. e3 d4 24. exd4 Bxd4 25. Bf1 Bxf1 26. Kxf1 Bc5 27. Kg2
Qe4 1/2-1/2

[Event "BL 1617 USV TU Dresden - SG Solingen"]
[Site "?"]
[Date "2017.02.18"]
[Round "7.6"]
[White "Boensch, Uwe"]
[Black "L'Ami, Erwin"]
[Result "0-1"]
[WhiteElo "2560"]
[BlackElo "2608"]
[PlyCount "116"]
[EventDate "2017.??.??"]

1. d4 Nf6 2. c4 e6 3. Nf3 b6 4. g3 Bb7 5. Bg2 Be7 6. O-O O-O 7. Nc3 Ne4 8. Nxe4
Bxe4 9. Bf4 d6 10. Qd2 Nd7 11. Rfd1 h6 12. Rac1 a5 13. Ne1 Bxg2 14. Nxg2 Bg5
15. Bxg5 Qxg5 16. e4 Qxd2 17. Rxd2 Rfd8 18. Ne3 g6 19. Kg2 Kg7 20. f4 h5 21.
Kf3 Rac8 22. Rcd1 c6 23. e5 d5 24. Rc2 b5 25. cxb5 cxb5 26. Rdc1 Nb6 27. b3
Rxc2 28. Rxc2 Rc8 29. Rc5 Rxc5 30. dxc5 Nc8 31. b4 axb4 32. Nc2 Kf8 33. Ke3 Ne7
34. Nxb4 Ke8 35. Kd3 Kd7 36. Kc3 Nc6 37. Nc2 Kc7 38. Ne1 Kb7 39. Nf3 Ka6 40.
Ng5 b4+ 41. Kb3 Kb5 42. Nxf7 Kxc5 43. Ng5 Nd4+ 44. Kb2 Kc4 45. Nh7 Kd3 46. Nf8
Ke3 47. a4 bxa3+ 48. Kxa3 Nb5+ 49. Kb2 d4 50. f5 gxf5 51. Nxe6 d3 52. Nf4 d2
53. Kc2 Nc3 54. Ng2+ Kf2 55. Kxd2 Ne4+ 56. Kd3 Kxg2 57. Ke3 Kxh2 58. Kf4 Nc5
0-1

[Event "BL 1617 USV TU Dresden - SG Solingen"]
[Site "?"]
[Date "2017.02.18"]
[Round "7.7"]
[White "Nikolic, Predrag"]
[Black "Gauglitz, Gernot"]
[Result "1-0"]
[WhiteElo "2607"]
[BlackElo "2394"]
[PlyCount "139"]
[EventDate "2017.??.??"]

1. d4 Nf6 2. Nf3 g6 3. g3 d5 4. Bg2 Bg7 5. O-O O-O 6. c4 c6 7. Na3 Bf5 8. Bf4
Be4 9. Qd2 Nbd7 10. cxd5 Bxd5 11. Rfd1 Ne4 12. Qc2 Nd6 13. Rac1 Qb6 14. Ne5
Rfd8 15. b3 Bxg2 16. Kxg2 Nxe5 17. dxe5 Nb5 18. Nc4 Qa6 19. Bg5 Na3 20. Qe4
Nxc4 21. bxc4 Qxa2 22. Bxe7 Rd2 23. Kf1 Re8 24. Bd6 a5 25. Rb1 Qc2 26. Qxc2
Rxc2 27. f4 Rxc4 28. Rxb7 f6 29. Ra7 a4 30. Rb1 fxe5 31. Rbb7 Bh8 32. fxe5 h5
33. Kf2 h4 34. Kf3 hxg3 35. hxg3 Rd4 36. Rc7 g5 37. Rxc6 g4+ 38. Kf2 Re4 39.
Rc5 Bg7 40. Rca5 a3 41. Ra4 Rxa4 42. Rxa4 a2 43. Rxa2 Bxe5 44. Bxe5 Rxe5 45.
Ra4 Kf7 46. Rxg4 Kf6 47. Rf4+ Kg5 48. Ra4 Rf5+ 49. Ke3 Rf1 50. Ra8 Rb1 51. Kf3
Rb4 52. Ra5+ Kf6 53. g4 Kg6 54. e4 Rb6 55. Kf4 Re6 56. Ra7 Rb6 57. Ke5 Rb5+ 58.
Kf4 Rb6 59. Ra8 Re6 60. e5 Rb6 61. Ke4 Rb5 62. Rg8+ Kf7 63. Rg5 Ke6 64. Rg6+
Kf7 65. Rf6+ Kg7 66. Ra6 Rb7 67. Kf5 Rf7+ 68. Kg5 Re7 69. e6 Rb7 70. Ra5 1-0

[Event "BL 1617 USV TU Dresden - SG Solingen"]
[Site "?"]
[Date "2017.02.18"]
[Round "7.8"]
[White "Hoffmann, Paul"]
[Black "Naumann, Alexander"]
[Result "1/2-1/2"]
[WhiteElo "2373"]
[BlackElo "2568"]
[PlyCount "62"]
[EventDate "2017.??.??"]

1. e4 c5 2. Nf3 d6 3. Nc3 a6 4. a4 Nc6 5. h3 Nf6 6. Bc4 e6 7. O-O Be7 8. Re1
O-O 9. d4 cxd4 10. Nxd4 Qc7 11. Nxc6 bxc6 12. Qe2 Nd7 13. Qh5 Bf6 14. Bd2 Rb8
15. Nd1 Ne5 16. Bf1 c5 17. Bc3 Nd7 18. Ne3 Bxc3 19. bxc3 Nf6 20. Qh4 h6 21. Bd3
Bb7 22. Nc4 d5 23. exd5 Nxd5 24. Re4 Qd8 25. Qg3 Nxc3 26. Rg4 Qf6 27. Re1 Rbd8
28. Rf4 Qg5 29. Rg4 Qf6 30. Rf4 Qg5 31. Rg4 Qf6 1/2-1/2

[Event "BL 1617 Schwäbisch Hall - SV Mülheim "]
[Site "?"]
[Date "2017.02.18"]
[Round "7.1"]
[White "Landa, Konstantin"]
[Black "Inarkiev, Ernesto"]
[Result "1/2-1/2"]
[WhiteElo "2616"]
[BlackElo "2723"]
[PlyCount "102"]
[EventDate "2017.??.??"]

1. d4 Nf6 2. c4 e6 3. Nc3 Bb4 4. e3 O-O 5. Bd3 c5 6. Nf3 d5 7. O-O cxd4 8. exd4
dxc4 9. Bxc4 b6 10. Qb3 Bxc3 11. bxc3 Nc6 12. Qd1 Bb7 13. Ba3 Re8 14. Bb5 a6
15. Bd3 e5 16. dxe5 Nxe5 17. Nxe5 Rxe5 18. c4 Ne4 19. Bb2 Re6 20. f3 Nc5 21.
Bf5 Rd6 22. Qe1 Nd3 23. Bxd3 Rxd3 24. Rd1 Rxd1 25. Qxd1 Rc8 26. Qd4 Qxd4+ 27.
Bxd4 Rxc4 28. Bxb6 f6 29. Rd1 Bc6 30. Rd2 Kf7 31. Ba5 h5 32. a3 Ra4 33. Bb4 a5
34. Bd6 Rc4 35. Kf2 Rc3 36. h4 Rc4 37. Kg3 Ke6 38. Bf8 g5 39. hxg5 fxg5 40.
Re2+ Kf5 41. Bd6 h4+ 42. Kh2 Rd4 43. Bc7 Rd5 44. Rc2 Ba4 45. Rc3 Ke6 46. Bb6
Kd6 47. Rc8 Bc6 48. Rg8 Ke7 49. Rc8 Bd7 50. Rc5 Rxc5 51. Bxc5+ Ke6 1/2-1/2

[Event "BL 1617 Schwäbisch Hall - SV Mülheim "]
[Site "?"]
[Date "2017.02.18"]
[Round "7.2"]
[White "Matlakov, Maxim Sergeevich"]
[Black "Levin, Felix"]
[Result "1-0"]
[WhiteElo "2701"]
[BlackElo "2528"]
[PlyCount "91"]
[EventDate "2017.??.??"]

1. d4 Nf6 2. c4 e6 3. Nf3 d5 4. Nc3 c5 5. cxd5 cxd4 6. Qxd4 exd5 7. e4 Nc6 8.
Bb5 dxe4 9. Qxd8+ Kxd8 10. Ng5 Be6 11. Bxc6 bxc6 12. Nxe6+ fxe6 13. Ke2 Bb4 14.
Na4 Kc7 15. Be3 Rhb8 16. Rac1 Rb5 17. Rc4 Kb7 18. Rhc1 Rc8 19. b3 a5 20. Bc5
Bxc5 21. Nxc5+ Kb6 22. Nxe6 Re5 23. Nc5 Kb5 24. h3 h5 25. Na4 c5 26. g3 Rc7 27.
Rd1 Kc6 28. Rd8 Rd5 29. Rxd5 Kxd5 30. Ke3 Kd6 31. Nc3 Kc6 32. Nxe4 Nd5+ 33. Kd2
Kb6 34. Nc3 Nxc3 35. Kxc3 Re7 36. Kd2 Kb5 37. f3 g6 38. Re4 Rd7+ 39. Kc3 Rd6
40. f4 Rf6 41. g4 hxg4 42. hxg4 Kc6 43. Kc4 Kd6 44. f5 gxf5 45. Rf4 Rf8 46.
Rxf5 1-0

[Event "BL 1617 Schwäbisch Hall - SV Mülheim "]
[Site "?"]
[Date "2017.02.18"]
[Round "7.3"]
[White "Zelbel, Patrick"]
[Black "Laznicka, Viktor"]
[Result "0-1"]
[WhiteElo "2425"]
[BlackElo "2666"]
[PlyCount "80"]
[EventDate "2017.??.??"]

1. e4 d5 2. exd5 Qxd5 3. Nc3 Qa5 4. d4 Nf6 5. Bc4 Bg4 6. f3 Bd7 7. Bd2 Qb6 8.
Nge2 e6 9. a3 Be7 10. Be3 O-O 11. O-O Rd8 12. Qc1 Be8 13. Ne4 Nd5 14. Bg5 Nc6
15. c3 Bxg5 16. Qxg5 h6 17. Qg3 Ne3 18. Nf6+ Kh8 19. Nh5 Nf5 20. Qf4 Nce7 21.
Kh1 c5 22. Bd3 Nd5 23. Qc1 cxd4 24. Bxf5 dxc3 25. Bb1 cxb2 26. Qc2 f5 27. Ra2
Rac8 28. Qxb2 Bxh5 29. Qxb6 Nxb6 30. Nf4 Bf7 31. Re2 Rd6 32. Ba2 Nc4 33. Rfe1
e5 34. Nh3 b5 35. Bxc4 bxc4 36. Rxe5 c3 37. Rc1 c2 38. Nf2 Bb3 39. Ree1 Rcd8
40. Kg1 Rd1 0-1

[Event "BL 1617 Schwäbisch Hall - SV Mülheim "]
[Site "?"]
[Date "2017.02.18"]
[Round "7.4"]
[White "Gharamian, Tigran"]
[Black "Hausrath, Daniel"]
[Result "1-0"]
[WhiteElo "2624"]
[BlackElo "2483"]
[PlyCount "81"]
[EventDate "2017.??.??"]

1. e4 c6 2. d4 d5 3. e5 Bf5 4. Nf3 e6 5. Be2 Nd7 6. O-O Bg6 7. a4 Nh6 8. a5 a6
9. c3 Nf5 10. b4 h5 11. Nbd2 Be7 12. Nb3 h4 13. Nc5 Ra7 14. Ne1 Nf8 15. Ned3
Bh7 16. Bg4 Bg5 17. Nb2 Nh6 18. Be2 Bf5 19. Nba4 Ng6 20. Nb6 Nf4 21. Be3 h3 22.
g3 Nxe2+ 23. Qxe2 Bxe3 24. fxe3 O-O 25. Rf4 Qg5 26. Raf1 Rd8 27. e4 Bg6 28. Rh4
dxe4 29. Nxe4 Bxe4 30. Rxe4 Nf5 31. Ref4 Qg6 32. g4 Nh6 33. Qf3 Rf8 34. Qxh3 f5
35. exf6 Rxf6 36. Rxf6 gxf6 37. Qg3 Qxg4 38. Rxf6 Qxg3+ 39. hxg3 Nf5 40. Rxe6
Kf7 41. Re5 1-0

[Event "BL 1617 Schwäbisch Hall - SV Mülheim "]
[Site "?"]
[Date "2017.02.18"]
[Round "7.5"]
[White "Saltaev, Mihail"]
[Black "Michalik, Peter"]
[Result "1/2-1/2"]
[WhiteElo "2480"]
[BlackElo "2582"]
[PlyCount "127"]
[EventDate "2017.??.??"]

1. e4 e5 2. Nf3 Nc6 3. Bc4 Bc5 4. d3 Nf6 5. O-O d6 6. c3 a5 7. Be3 O-O 8. Nbd2
h6 9. Bb5 Ba7 10. Bxc6 bxc6 11. Bxa7 Rxa7 12. d4 exd4 13. Nxd4 Qe8 14. Qf3 c5
15. Nf5 Bxf5 16. Qxf5 Qb5 17. e5 dxe5 18. Qxe5 Re8 19. c4 Qb4 20. Qc3 Re2 21.
Rfd1 Qxc3 22. bxc3 Ng4 23. Nb3 Nxf2 24. Rd8+ Kh7 25. Nxc5 Ng4 26. Kh1 c6 27. h3
Nf6 28. Rc8 Rae7 29. Rxc6 Rc2 30. Nb3 a4 31. Nd4 Rxc3 32. Nb5 Rc2 33. Nd4 Rd2
34. Nf3 Rb2 35. Ra6 Ree2 36. Ne1 Rxa2 37. Rxa2 Rxa2 38. Nd3 Ne4 39. Ra5 Rd2 40.
Ne5 f6 41. Nf3 Rd1+ 42. Kh2 Nc3 43. Ra7 Kg6 44. g4 Rc1 45. Nd4 h5 46. Ne6 hxg4
47. hxg4 Re1 48. Nf4+ Kh6 49. c5 Re4 50. Kg3 Rc4 51. Ne6 Ne4+ 52. Kf3 g6 53.
Ra5 Nd2+ 54. Kg3 Ne4+ 55. Kf3 Ng5+ 56. Nxg5 Kxg5 57. c6+ Kh4 58. Ra6 Rc3+ 59.
Ke4 a3 60. Kd5 Kxg4 61. Ra4+ Kg5 62. Kd6 f5 63. c7 Rd3+ 64. Ke7 1/2-1/2